000 01270nam a2200241Ia 4500
008 0000002006 sp a 0000000000spa00
020 _a8495457679
090 _aPSP00 E71j
100 1 _aEscribano, María
245 1 0 _aJuan Carlos Savater
_b: estrella matutina, Silos
_c/ Textos MAría Escribano, Ignacio Gómez de Liaño, Joaquín Cortés ; coordinación del catálogo Carmen Román Llorente ; fotografías Ignacio J. Mesa Núñez
300 _a79 p.
_c/ 25 cm.
500 _aExposición realizada en la Abadía de Santo Domingo de Silos, en España, del 1 de marzo al 3 de mayo de 2006 \ Incluye datos biográficos y cronología artística
501 _aEl inmóvil punto del mundo que gira / María Escribano La pintura como ejercicio del espíritu / Ignacio Gómez de Liaño
505 _aOBRAS: Estrella matutina I al XIV Alba I al III
600 0 0 _a SAVATER, JUAN CARLOS, 1953/
_xTRABAJOS PICTORICOS
650 1 4 _a ARTE CONTEMPORANEO ESPAÑOL
650 1 4 _aARTISTAS PLASTICOS ESPAÑOLES
650 1 4 _xCATALOGOS
650 1 4 _xEXPOSICIONES
650 1 4 _aPINTURA ESPAÑOLA
700 1 _aGómez de Liaño, Ignacio \ Cortés Joaquín
999 _c13855
_d13855
260 _aMadrid : Museo Nacional Centro de Arte Reina Sofía, Ministerio de Cultura
_c2006